Fr. Conceicao Rodrigues College of Engineering

Creating a world without poverty (Record no. 27333)

MARC details
000 -LEADER
fixed length control field 00365nam a2200169Ia 4500
082 ## - DEWEY DECIMAL CLASSIFICATION NUMBER
Classification number 339.46/YUN
Item number YUN
100 ## - MAIN ENTRY--PERSONAL NAME
Personal name Yunus/Muhammad
245 ## - TITLE STATEMENT
Title Creating a world without poverty
260 ## - PUBLICATION, DISTRIBUTION, ETC.
Name of publisher, distributor, etc. Public Affairs
Place of publication, distribution, etc. New York
Date of publication, distribution, etc. 2007
366 ## - TRADE AVAILABILITY INFORMATION
Publishers's discount category 17.5
300 ## - PHYSICAL DESCRIPTION
Extent 261
546 ## - LANGUAGE NOTE
Language note ENGLISH
650 ## - SUBJECT ADDED ENTRY--TOPICAL TERM
Topical term or geographic name entry element General
654 ## - SUBJECT ADDED ENTRY--FACETED TOPICAL TERMS
Focus term poverty
942 ## - ADDED ENTRY ELEMENTS (KOHA)
Koha item type BOOK
Holdings
Withdrawn status Lost status Damaged status Not for loan Collection Home library Current library Date acquired Source of acquisition Cost, normal purchase price Inventory number Total Checkouts Full call number Barcode Date last seen Cost, replacement price Price effective from Koha item type
        CRC Fr. Agnel's C.Rodrigues College of Engineering Fr. Agnel's C.Rodrigues College of Engineering 17/03/2023 Educational books and periodicals 325.88 258 dt 27/04/2009   339.46/YUN YUN 19603 17/03/2023 395.00   BOOK